|
|
|
|
| LEADER |
01547nam a2200361 a 4500 |
| 001 |
39132 |
| 003 |
BD-DhAAL |
| 008 |
220724t1984 enk b 000 0 eng d |
| 999 |
|
|
|c 44626
|d 44626
|
| 010 |
|
|
|a 85121076
|
| 020 |
|
|
|a 0140444394 (pbk.) :
|c £1.95 ($3.95 U.S.)
|
| 040 |
|
|
|a DLC
|c DLC
|d DLC
|d BD-DhAAL
|
| 041 |
1 |
|
|a engfre
|
| 050 |
0 |
0 |
|a JC179
|b .R814 1984
|
| 082 |
0 |
0 |
|a 320.01
|2 19
|
| 100 |
1 |
|
|a Rousseau, Jean-Jacques,
|d 1712-1778.
|9 50171
|
| 240 |
1 |
0 |
|a Discours sur l'origine et les fondements de l'inégalité parmi les hommes.
|l English
|
| 245 |
1 |
2 |
|a A discourse on inequality /
|c Jean-Jacques Rousseau ; translated with an introduction and notes by Maurice Cranston.
|
| 260 |
|
|
|a Harmondsworth, Middlesex, England ;
|a New York, N.Y., U.S.A. :
|b Penguin Books,
|c 1984.
|
| 300 |
|
|
|a 187 pages ;
|c 19 cm.
|
| 490 |
|
|
|a Penguin classics
|
| 500 |
|
|
|a Translation of: Discours sur l'origine et les fondements de l'inégalité parmi les hommes.
|
| 504 |
|
|
|a Includes bibliographical references.
|
| 541 |
|
|
|a Donated By Akbar Ali Khan
|e 39132
|
| 650 |
|
0 |
|a Equality.
|9 50172
|
| 650 |
|
0 |
|a Natural law.
|9 50173
|
| 650 |
|
0 |
|a Political science.
|9 50174
|
| 650 |
|
0 |
|a Social sciences.
|9 50175
|
| 700 |
1 |
|
|a Cranston, Maurice William,
|d 1920-
|9 50176
|
| 830 |
|
|
|a Penguin classics
|9 50177
|
| 852 |
|
|
|a Ayesha Abed Library
|c Akbar Ali Khan Collection
|
| 942 |
|
|
|2 ddc
|c BK
|
| 952 |
|
|
|0 0
|1 0
|2 ddc
|4 0
|6 320_010000000000000_ROU
|7 1
|9 71324
|a BRACUL
|b BRACUL
|c AAKC
|d 2022-07-24
|e Donated by Akbar Ali Khan
|l 0
|o 320.01 ROU
|p 3010039132
|r 2022-07-24
|t 1
|w 2022-07-24
|y BK
|